| 000 | 00993nam a22002295a 4500 | ||
|---|---|---|---|
| 003 | OSt | ||
| 005 | 20170221145441.0 | ||
| 008 | 161120s2006 ua frb 000 0 ara d | ||
| 040 |
_aEG-ScBUE _bara _cEG-ScBUE |
||
| 043 | _af-ua--- | ||
| 082 | 0 | 4 |
_a346.620435 _bح م ز _222 |
| 100 | 1 | _aحمزة، عبد الرحمن علي. | |
| 245 | 1 | 0 |
_aمضار الجوار غير المألوفة والمسئولية عنها : _bدراسة مقارنة بين الفقة الإسلامي والقانون المدني / _cعبد الرحمن علي حمزه. |
| 260 |
_aالقاهرة : _bدار النهضة العربية، _c2006. |
||
| 300 |
_a609 ص. ؛ _c24 سم. |
||
| 504 | _aيشتمل على إرجاعات ببليوجرافية. | ||
| 650 | 7 |
_2BUEsh _aالملكية العقارية _940901 _xقوانين وتشريعات _zمصر. |
|
| 650 | 7 |
_2BUEsh _aالملكية العقارية (فقه إسلامي) _940903 |
|
| 651 | _2BUEsh | ||
| 653 |
_bLLAAWW _cFebruary2017 |
||
| 942 | _2ddc | ||
| 999 |
_c24224 _d24196 |
||